Anorganická chemie nekovů

Gespeichert in:
Bibliographische Detailangaben
1. Verfasser: Jursík, František
Format: Buch
Sprache:Tschechisch
Veröffentlicht: Praha Vysoká škola chemicko-technologická 2001
Ausgabe:1. vyd.
Online-Zugang:Im OPAC anzeigen
Tags: Tag hinzufügen
Keine Tags, Fügen Sie das erste Tag hinzu!

MARC

LEADER 00000nam a2200000 a 4500
005 20260127134058.0
008 050202 2001 xr 000 0 cze d
020 |a 8070804173 
035 |a vtls001491834 
039 9 |a 200510190909  |b mschk03  |c 200502101155  |d mschk04  |y 200502021041  |z mschk03 
040 |a STUSCHK1  |b slo  |c STUSCHK1  |e AACR2 
080 |a 546.1 
100 1 |a Jursík, František 
245 1 |a Anorganická chemie nekovů 
250 |a 1. vyd. 
260 |a Praha  |b Vysoká škola chemicko-technologická  |c 2001 
300 |a 228 s. 
910 |a SCHK95 
919 |a 80-7080-417-3 
999 |c 3571  |d 3571